Normal view
MARC view
- Vaughan,Robert C
Entry Personal Name
001 - CONTROL NUMBER
- control field: 26878
003 - CONTROL NUMBER IDENTIFIER
- control field: IN-BhIIT
005 - DATE AND TIME OF LATEST TRANSACTION
- control field: 20251224174023.0
008 - FIXED-LENGTH DATA ELEMENTS
- fixed length control field: 251224|| aca||aabn | a|a d
040 ## - CATALOGING SOURCE
- Original cataloging agency: IN-BhIIT
- Transcribing agency: IN-BhIIT
100 ## - HEADING--PERSONAL NAME
- Personal name: Vaughan,Robert C
670 ## - SOURCE DATA FOUND
- Source citation: Work cat.: (IN-BhIIT)15202: Montgomery, Hugh L. Author 7581, Multiplicative Number Theory I:, 2012.